Normal view
MARC view
Entry Topical Term
001 - CONTROL NUMBER
- control field: 7248
003 - CONTROL NUMBER IDENTIFIER
- control field: HDC
005 - DATE AND TIME OF LATEST TRANSACTION
- control field: 20230624073242.0
008 - FIXED-LENGTH DATA ELEMENTS
- fixed length control field: 210125|| aca||aabn | a|a d
040 ## - CATALOGING SOURCE
- Original cataloging agency: HDC
- Transcribing agency: HDC
150 ## - HEADING--TOPICAL TERM
- Topical term or geographic name entry element: Fermented foods
- General subdivision: Health aspects
- Form subdivision: Handbooks, manuals, etc
670 ## - SOURCE DATA FOUND
- Source citation: Work cat.: (HDC): Fermentation and Food Ingredients:, 2012
